4th Grade - Word Within the Word Vocab 2 Quiz Stats

 Plays Quiz not verified by Sporcle

Also try: Rhymes With 'Ash'
Challenge
Share
Tweet
Embed
Score 0/25 Timer 10:00
0 Plays Today
% Correct
earth
95.5%
water
95.5%
water
93.2%
ten
90.9%
equal
90.9%
five
90.9%
father
90.9%
separate
88.6%
full of
86.4%
not
86.4%
bird
79.5%
bad
79.5%
self
77.3%
% Correct
color
75%
into
70.5%
in the direction of
68.2%
out
59.1%
look
56.8%
side or near
56.8%
hang
54.5%
hand
52.3%
beyond
50%
throw
47.7%
away
38.6%
near or more
29.5%

You're not logged in!

Compare scores with friends on all Sporcle quizzes.
Join for Free
OR
Log In

You Might Also Like...

Show Comments

Extras

Top Quizzes Today


Score Distribution

Your Account Isn't Verified!

In order to create a playlist on Sporcle, you need to verify the email address you used during registration. Go to your Sporcle Settings to finish the process.

Report this User

Report this user for behavior that violates our Community Guidelines.

Details: